The Real McCoy : (Record no. 5188)

MARC details
000 -LEADER
fixed length control field 01006nam a22002897a 4500
001 - CONTROL NUMBER
control field 5188
003 - CONTROL NUMBER IDENTIFIER
control field FISKH
005 - DATE AND TIME OF LATEST TRANSACTION
control field 20250815122817.0
008 - FIXED-LENGTH DATA ELEMENTS--GENERAL INFORMATION
fixed length control field 241118b cb ||||| |||| 00| 0 eng d
020 ## - INTERNATIONAL STANDARD BOOK NUMBER
International Standard Book Number 9780590481021
040 ## - CATALOGING SOURCE
Original cataloging agency FISKH
Language of cataloging eng
Transcribing agency FISKH
Modifying agency FISKH
050 ## - LIBRARY OF CONGRESS CALL NUMBER
Classification number T40.M43
082 ## - DEWEY DECIMAL CLASSIFICATION NUMBER
Classification number 608.72
100 ## - MAIN ENTRY--PERSONAL NAME
Personal name Towle, Wendy
245 ## - TITLE STATEMENT
Title The Real McCoy :
Remainder of title The Life of an African-American Inventor /
Statement of responsibility, etc. by Wendy Towle : Painting by Wil Clay
260 ## - PUBLICATION, DISTRIBUTION, ETC.
Place of publication, distribution, etc. New York :
Name of publisher, distributor, etc. Scholastic ;
Date of publication, distribution, etc. 1993 .
300 ## - PHYSICAL DESCRIPTION
Extent 32 unnumbered pages :
Other physical details color illustrations ;
Dimensions 20 cm .
505 ## - FORMATTED CONTENTS NOTE
Formatted contents note Z <br/>
520 ## - SUMMARY, ETC.
Summary, etc. A biography of the Canadian-born black American who studied engineering in Scotland and patented over fifty inventions despite the obstacles he faced because of his race.
521 8# - TARGET AUDIENCE NOTE
Target audience note 920 <br/>
Source Lexile NC <br/><br/>
521 8# - TARGET AUDIENCE NOTE
Target audience note Z <br/>
Source Raz-Plus <br/>
650 ## - SUBJECT ADDED ENTRY--TOPICAL TERM
Topical term or geographic name entry element African American
Form subdivision non-fiction
650 ## - SUBJECT ADDED ENTRY--TOPICAL TERM
Topical term or geographic name entry element history
Form subdivision fiction
700 ## - ADDED ENTRY--PERSONAL NAME
Personal name Clay, Wil
Relator term illustrator
942 ## - ADDED ENTRY ELEMENTS (KOHA)
Source of classification or shelving scheme Dewey Decimal Classification
Koha item type Books
Suppress in OPAC No
Holdings
Withdrawn status Lost status Source of classification or shelving scheme Damaged status Not for loan Collection Home library Current library Shelving location Date acquired Total Checkouts Full call number Barcode Date last seen Price effective from Koha item type Copy number
    Dewey Decimal Classification     Non-Fiction Footprints International School Library Network Toul Tom Poung Campus Footprints International School Library Network Toul Tom Poung Campus TTP Secondary Non-Fiction Bookshelves 11/18/2024   TOW 608.72 T40.M43 FISSE01273 11/18/2024 11/18/2024 Books  
    Dewey Decimal Classification     Non-Fiction Footprints International School Library Network Toul Tom Poung Campus Footprints International School Library Network Toul Tom Poung Campus TTP Secondary Non-Fiction Bookshelves 08/15/2025   TOW 608.72 T40.M43 FISTK04775 08/15/2025 08/15/2025 Books 2